Coined by Shakespeare Quiz Stats

 Plays Quiz Updated Sep 12, 2016

Challenge
Share
Tweet
Embed
Score 0/20 Timer 05:00
3 Plays Today
% Correct
Sorry sight
91.9%
Hot-blooded
91.8%
One fell swoop
91.1%
Dead as a doornail
91.1%
Into thin air
90.9%
Star-crossed
90.8%
Wild-goose chase
90%
Laughingstock
89.5%
Mum's the word
89.1%
Mind's eye
88.5%
% Correct
Good riddance
87.7%
Cold comfort
87.6%
Gild the lily
87%
Full circle
86.3%
Bated breath
85.9%
In stitches
85.1%
Salad days
83.1%
Sea change
81.6%
Shuffle off this mortal coil
81.2%
Primrose path
75.9%

You're not logged in!

Compare scores with friends on all Sporcle quizzes.
Join for Free
OR
Log In

You Might Also Like...

Show Comments

Extras

Top Quizzes Today


Score Distribution

Your Account Isn't Verified!

In order to create a playlist on Sporcle, you need to verify the email address you used during registration. Go to your Sporcle Settings to finish the process.

Report this User

Report this user for behavior that violates our Community Guidelines.

Details: